Discusiones sobre la reforma del Estado en Colombia : (Registro nro. 5224)

Detalles MARC
000 -LEADER
fixed length control field 01331nam a2200289Ia 4500
003 - CONTROL NUMBER IDENTIFIER
control field OSt
005 - DATE AND TIME OF LATEST TRANSACTION
control field 20210112100437.0
008 - FIXED-LENGTH DATA ELEMENTS--GENERAL INFORMATION
fixed length control field 191128s2001 ck gr 000 0 spa d
020 ## - INTERNATIONAL STANDARD BOOK NUMBER
International Standard Book Number
022 ## - INTERNATIONAL STANDARD SERIAL NUMBER
International Standard Serial Number 0124115X
040 ## - CATALOGING SOURCE
Original cataloging agency CO-JMCR
Transcribing agency CO-JMCR
041 ## - LANGUAGE CODE
Language code of text/sound track or separate title spa
082 04 - DEWEY DECIMAL CLASSIFICATION NUMBER
Classification number 328.31 /
Item number C718d
Edition number 23
110 1# - MAIN ENTRY--CORPORATE NAME
Corporate name or jurisdiction name as entry element Colombia.
Subordinate unit Centro de Investigaciones Sociojurídicas
9 (RLIN) 12808
245 10 - TITLE STATEMENT
Title Discusiones sobre la reforma del Estado en Colombia :
Remainder of title la fragmentación del Estado y el funcionamiento del Congreso /
Statement of responsibility, etc. Centro de Investigaciones Sociojurídicas
260 ## - PUBLICATION, DISTRIBUTION, ETC.
Place of publication, distribution, etc. Bogotá :
Name of publisher, distributor, etc. Universidad de los Andes : Colciencias,
Date of publication, distribution, etc. 2001
300 ## - PHYSICAL DESCRIPTION
Extent 305 páginas ;
Dimensions 28 cm.
490 0# - SERIES STATEMENT
Series statement Estudios ocasionales
504 ## - BIBLIOGRAPHY, ETC. NOTE
Bibliography, etc. note Bibliografía: páginas 265-269
505 0# - FORMATTED CONTENTS NOTE
Formatted contents note La fragmentación interna del Estado y su impacto sobre la formulación e implementación de una política estatal de paz y convivencia ciudadana -- ¿Qué hace funcionar al Congreso? Una aproximación inicial a las fallas y los aciertos de la institución
610 14 - SUBJECT ADDED ENTRY--CORPORATE NAME
Corporate name or jurisdiction name as entry element Colombia.
Title of a work Constitución (1991)
Form subdivision Comentarios
9 (RLIN) 12813
650 14 - SUBJECT ADDED ENTRY--TOPICAL TERM
Topical term or geographic name entry element Estado
9 (RLIN) 12809
General subdivision organización
Geographic subdivision Colombia
650 14 - SUBJECT ADDED ENTRY--TOPICAL TERM
Topical term or geographic name entry element Política y gobierno
9 (RLIN) 12810
650 14 - SUBJECT ADDED ENTRY--TOPICAL TERM
Topical term or geographic name entry element Procesos de paz
9 (RLIN) 12811
Form subdivision ensayos, conferencias, etc.
Geographic subdivision Colombia
650 14 - SUBJECT ADDED ENTRY--TOPICAL TERM
Topical term or geographic name entry element Administración pública
9 (RLIN) 12812
942 ## - ADDED ENTRY ELEMENTS (KOHA)
Source of classification or shelving scheme Dewey Decimal Classification
Koha item type Books
Existencias
Withdrawn status Lost status Materials specified (bound volume or other part) Damaged status Not for loan Collection code Home library Current library Date acquired Total Checkouts Full call number Barcode Date last seen Copy number Price effective from Koha item type
    Donación--15/04/2018--       Biblioteca Pública José María del Castillo y Rada Biblioteca Pública José María del Castillo y Rada 11/28/2019   328 .31 D37 430001650 05/16/2024 Ej.1 11/28/2019 Books